SEC West Champions Since 2000 - Statistics

General Stats
  • This quiz has been taken 121 times
    95 since last reset
  • The average score is 21 of 23
Answer Stats
Year Answer % Correct
2021 Alabama
99%
2020 Alabama
98%
2018 Alabama
98%
2016 Alabama
98%
2015 Alabama
98%
2014 Alabama
98%
2022 LSU
98%
2008 Alabama
96%
2019 LSU
96%
2012 Alabama
95%
2009 Alabama
95%
2013 Auburn
94%
2011 LSU
94%
2010 Auburn
93%
2007 LSU
93%
2017 Auburn
92%
2005 LSU
88%
2003 LSU
87%
2004 Auburn
86%
2001 LSU
83%
2006 Arkansas
81%
2000 Auburn
81%
2002 Arkansas
76%
No matching quizzes found
Score Distribution
Percent of People with Each Score
Percentile by Number Answered
Your Score History
You have not taken this quiz since the last reset